| 000 | 00739nam a22002177a 4500 | ||
|---|---|---|---|
| 999 |
_c10664 _d10664 |
||
| 003 | AR-CdUCM | ||
| 008 | 190401b ||||| |||| 00| 0 spa d | ||
| 040 |
_aMUNICIPALIDAD PROVINCIAL DEL CUSCO _cBIBLIOTECA MUNICIPAL DEL CUSCO |
||
| 082 |
_a869.56 / _bR893S _22 ed. |
||
| 100 |
_aRozas Izquierdo, Juan Antonio _917032 |
||
| 245 |
_aSiemprevivas : _b500 acrósticos amorosos de los nombres más comunes del bello sexo / |
||
| 260 |
_aLima : _bDPPGC, _c1965. |
||
| 300 |
_a176 páginas ; _c21 cm. |
||
| 500 | _aDonación de la familia Nieto. Dedicatoria a Luis Nieto | ||
| 505 | _aContenido: Poemas. | ||
| 650 |
_aPoesía Peruana _92266 |
||
| 650 |
_aSiglo XX _98 |
||
| 650 |
_aAcrosticos _917033 |
||
| 942 |
_2ddc _cLIBROS |
||
| 945 | _acmm | ||